Signal theory
Saved in:
| Main Author: | |
|---|---|
| Format: | Book |
| Language: | English |
| Published: |
Stroudsburg, PA. :
Dowden & Culver, INC.,
c1981
|
| Edition: | Rev. ed. |
| Subjects: | |
| Tags: |
Add Tag
No Tags, Be the first to tag this record!
|
MARC
| LEADER | 00000cam a2200000 i 4500 | ||
|---|---|---|---|
| 001 | 1/33312 | ||
| 008 | 030226s1981 eng d | ||
| 020 | |z 0-941052-00-7 | ||
| 035 | |l 10069491 | ||
| 040 | |a GR-MY-UA |b gre |e aacr | ||
| 041 | 0 | |a eng | |
| 082 | 0 | |a 621.38223 | |
| 100 | 1 | |a Franks, Lewis Embree. | |
| 245 | 1 | 0 | |a Signal theory / |c L.E. Franks |
| 250 | |a Rev. ed. | ||
| 260 | |a Stroudsburg, PA. : |b Dowden & Culver, INC., |c c1981 | ||
| 300 | |a xiv, 317 σ.; |b εικ.; |c 24 εκ. | ||
| 504 | |a Περιέχει βιβλιογραφικές αναφορές και ευρετήριο | ||
| 650 | 0 | 0 | |a Signal theory (Telecommunication) |
| 852 | |a INST |b SAMOS |e 20030226 |h 621.38223 FRA |p 005300024208 |q 005300024208 |t BK |y 0 | ||
| 901 | |a BIBL3-2003-1 | ||
| 909 | |a Σ |b 087815 | ||
| 970 | |a ΚΟΣΙΕΡΗΣ |b ΧΡΗΣΤΟΣ |z 2003/02/26 | ||